| 000 | 00698cam a22002411 4500 | ||
|---|---|---|---|
| 001 | sa 68001461 | ||
| 003 | DLC | ||
| 005 | 20260227112433.0 | ||
| 008 | 710903s1967 pk r 000 0 eng | ||
| 010 | _asa 68001461 //r94 | ||
| 025 | _aPL480:P-E-1280 | ||
| 040 |
_aDLC _cDLC _dDLC |
||
| 043 | _aa-pk--- | ||
| 050 | 0 | 0 |
_aT12.5.P28 _bA52 |
| 082 | 0 | 0 | _a670/.25/5492 |
| 110 | 1 | 0 |
_aPakistan. _bCentral Statistical Office. |
| 245 | 1 | 0 | _aDirectory of manufacturing establishments: Dinajpur District, East Pakistan. |
| 250 | _a1st ed. | ||
| 260 | 1 |
_a[Karachi, _c1967] |
|
| 300 |
_aiii, 29 p. _c26 cm. |
||
| 500 | _aCover title. | ||
| 650 | 0 |
_aIndustries _zPakistan _zDinajpur (District) _xDirectories. |
|
| 999 |
_c77966 _d77966 |
||